| 000 | 00992cam a22002533a 4500 | ||
|---|---|---|---|
| 001 | 31900 | ||
| 003 | PGUSA | ||
| 005 | 20140828083706.0 | ||
| 008 | 100406s2010||||xxu|||||s|||||000 | eng d | ||
| 040 |
_aPGUSA _beng |
||
| 042 | _adc | ||
| 050 | 4 | _aPS | |
| 100 | 1 |
_aMorris, Charles, _d1833-1922 |
|
| 245 | 1 | 0 |
_aHistoric Tales : _bThe Romance of Reality. Vol. 13 (of 15), King Arthur (1) _h[electronic resource] / _cCharles Morris |
| 260 |
_bProject Gutenberg, _c2010 |
||
| 505 | 0 | _aHow Arthur won the throne -- The deeds of Balin -- The treason of Morgan le Fay -- Lancelot du Lake -- The adventures of Beaumains -- Tristram of Lyonesse and the fair Isolde -- How Tristram came to Camelot. | |
| 506 | _aPublic domain in the USA. | ||
| 516 | _aElectronic text | ||
| 653 | _aMalory, Thomas, Sir, active 15th century. Morte d'Arthur -- Adaptations | ||
| 653 | _aArthurian romances | ||
| 830 | 0 |
_aProject Gutenberg _v31900 |
|
| 856 | 4 | 0 | _uhttp://www.gutenberg.org/ebooks/31900 |
| 942 | _cEB | ||
| 999 |
_c261155 _d261155 |
||